Представление документа в формате RUSMARC

ПолеНазваниеЗначение
  Тип записи a
  Библиографический уровень m
001 Контрольный номер 1a15f887f6474d28a623df9410f1cd5a
005 Дата корректировки 20251219144016.3
010 Индекс ISBN __
b Уточнения В пер.
d Цена 1650-00
100 Данные общей обработки __
a Данные общей обработки 20250530d2025 em y0rusy028902 ca
101 Язык документа 0_
a Язык текста rus
102 Страна публикации __
a Страна публикации RU
105 Кодированные данные (монография) __
a Кодированные данные (монография) y z 000yy
181 Поле кодированных данных: вид содержания _0
a Код вида содержания (ISBD) i
182 Поле кодированных данных: тип средства _0
a Код типа средства (ISBD) n
200 Заглавие и сведения об ответственности 1_
a Заглавие Кн. 2
203 Вид содержания и тип средства __
a Вид содержания Текст
c Тип средства непосредственный
210 Выходные данные 1_
d Дата издания 2025
215 Физическое описание __
a Объем 174 с.
d Формат 21 см
333 Примечание о целевом назначении __
a Примечание о целевом назначении 16+. Для детей старше 16 лет
461 Уровень набора _0
1 700 1
a Стругацкий
b А. Н.
g Аркадий Натанович
f 1925-1991
1 2001
a Пикник на обочине
e издание для слабовидящих : в 2 книгах
f Аркадий Стругацкий, Борис Стругацкий
v Кн. 2
1 2101
a Москва
c Чинар
d 2025
1 001b63aafc0d07d44f0995bf514bea9128d
1 203
a Текст
c непосредственный
1 2252
a Круг чтения
e издание для слабовидящих
606 Тематические рубрики __
2 Код системы nlr_sh
a Основная рубрика Художеcтвенная литература
606 Тематические рубрики __
2 Код системы nlr_sh
a Основная рубрика Русская литература XX в. (произведения)
610 Ключевые слова 0_
a Ключевые слова романы
610 Ключевые слова 0_
a Ключевые слова фантастические романы
610 Ключевые слова 0_
a Ключевые слова фантастика
610 Ключевые слова 0_
a Ключевые слова тема цивилизации
610 Ключевые слова 0_
a Ключевые слова тема сталкеров
610 Ключевые слова 0_
a Ключевые слова сталкеры
610 Ключевые слова 0_
a Ключевые слова тема инопланетян
610 Ключевые слова 0_
a Ключевые слова тема будущего
610 Ключевые слова 0_
a Ключевые слова аномальные зоны
610 Ключевые слова 0_
a Ключевые слова советская фантастика
610 Ключевые слова 0_
a Ключевые слова советская литература
610 Ключевые слова 0_
a Ключевые слова чтение для слабовидящих
610 Ключевые слова 0_
a Ключевые слова книги для незрячих
686 Индексы других классификаций __
2 Код системы rubbks
a Классификационный индекс 84(2=411.2)6-445я07; ст84(2Рос=Рус)6-445я0
801 Источник записи _0
a Страна RU
b Организация Муниципальное бюджетное учреждение культуры "Централизованная библиотечная система" г. Сургут (Центральная городская библиотека им. А. С. Пушкина)
c Дата составления 20250530
g Правила каталогизации PSBO
801 Источник записи _1
a Страна RU
b Организация Муниципальное бюджетное учреждение культуры "Централизованная библиотечная система" г. Сургут (Центральная городская библиотека им. А. С. Пушкина)
c Дата составления 20250530
g Правила каталогизации PSBO
852 Данные о местонахождении __
i Авторский знак С 87
j Шифр хранения 84(2=411.2)6-445я07
900 Макрообъекты __
a Макрообъекты Пикник на обочине. Кн. 2. Стругацкий, А., 2025
901 Тип документа __
t Тип документа n
w Контрольный № источника b63aafc0d07d44f0995bf514bea9128d
a Ответственный КиК/Котельникова
903 Характеристики (МАРС) __
c Наименование библиотеки (МАРС) Муниципальное бюджетное учреждение культуры "Централизованная библиотечная система" г. Сургут (Центральная городская библиотека им. А. С. Пушкина)
a Дата передачи 20250530
969 Тип издания __
a Тип издания спецформат-крупношрифтовое
a Тип издания крупношрифтовое издание
a Тип издания издание для слепых
a Тип издания Ф
990 Данные о заказе (DOS) __
j Количество экземпляров (DOS) 1
t N записи в КСУ для И/У (DOS) 202507